000 00596nam a2200205 i 4500
001 182619
003 ES-MaACL
005 20231218150309.0
008 131004s2011 sp | |||||||| | spa d
020 _a978-84-7962-704-1
080 _a821.134.2-14"19"
100 1 _aCastañón, Francisco J.,
_d1961-
_9153534
245 1 4 _aLas horas indultadas /
_cFrancisco J. Castañón.
260 _aMadrid :
_bVerbum,
_cD.L. 2011.
300 _a71 p. ;
_c20 cm.
490 1 _aVerbum poesía
830 0 _aVerbum poesía
_9179410
852 _aES-MaACL
_j1515-F-7
999 _c182619
_d182619